It looks like you're offline.
Open Library logo
additional options menu

MARC record from Internet Archive

LEADER: 00858ctm 2200253Ia 4500
001 5964659
005 20090713134133.0
008 090713s1905 xx ao m 000 0 eng d
035 $a(OCoLC)ocn424512239
040 $aUIU$cUIU$dUIU
049 $aUIUU
100 1 $aSpitler, Wesley Newton.
245 10 $aAlternating current traction /$cby Wesley Newton Spitler.
260 $c1905.
300 $a[3], 69 leaves :$bill., photos. ;$c28 cm.
502 $aThesis (B.S.)--University of Illinois, 1905.
500 $aTypescript.
650 0 $aElectric currents, Alternating.
650 0 $aElectric circuits$xAlternating current.
650 0 $aElectric power transmission$xAlternating current.
650 0 $aStreet-railroads$xElectric substations.
650 0 $aElectric railroads$xPower supply.
650 4 $aTheses$xUIUC$y1905$xElectrical Engineering.
994 $aC0$bUIU